The Office Trivia #P - Statistics

General Stats
  • This quiz has been taken 45 times
  • The average score is 8 of 15
Answer Stats
Hint Answer % Correct
Secretary Pam Beesly
100%
Sales rep Phyllis Vance
88%
His nickname is Plop Pete
74%
Angela is head of the __ __ __ Party Planning Commitee
68%
Angelas and Pams children share this name Phillip
62%
The low quality pizza place Michael orders from Pizza by Alfredo
56%
Instead of packer@dundermifflin.com Michael sends Jans topless picture to Packaging@dundermifflin.com
41%
Local pub Poor Richards
41%
What does PDA stand for? Public Display of Affection
41%
What Dwight calls once her by mistake after her being sexually molested Phallus
38%
Local small family paper business Prince Family Paper
38%
At the Dinner Party Michael proudly demonstrates his __ PlasmaTV
35%
Where Nellie moves to in the series finale Poland
32%
This branch closed due to unionizing Pittsfield
24%
Internet sensation of 2004 Parcour
21%
No matching quizzes found
Score Distribution
Percent of People with Each Score
Percentile by Number Answered
Your Score History
You have not taken this quiz